| 000 | 01204cam a2200337 a 4500 | ||
|---|---|---|---|
| 001 | 9447336 | ||
| 003 | Nust- CAS-E | ||
| 005 | 20180118181407.0 | ||
| 006 | m d | ||
| 007 | cr n | ||
| 008 | 970103s1997 enka sb 001 0 eng d | ||
| 020 | _a0521462045 (hb) | ||
| 035 | _a(WaSeSS)ssj0000460854 | ||
| 040 |
_aDLC _cDLC _dDLC _dWaSeSS |
||
| 050 | 4 |
_aTJ260 _b.D483 1997 |
|
| 082 | 0 | 0 |
_a621.402 _221 _bDEV 1997 |
| 210 | 1 | 0 | _aDevelopments in the design of thermal systems |
| 245 | 0 | 0 |
_aDevelopments in the design of thermal systems _h[electronic resource] / _cedited by Robert F. Boehm. |
| 260 |
_aCambridge ; _aNew York : _bCambridge University Press, _c1997. |
||
| 502 | _a0 | ||
| 504 | _aIncludes bibliographical references and indexes. | ||
| 506 | _aLicense restrictions may limit access. | ||
| 650 | 0 | _aHeat engineering. | |
| 650 | 0 | _aSystems engineering. | |
| 650 | 0 | _aEngineering design. | |
| 700 | 1 | _aBoehm, R. F. | |
| 773 | 0 | _tCambridge Books Online - Engineering | |
| 856 | 4 | 0 |
_uhttp://www.columbia.edu/cgi-bin/cul/resolve?clio9447336 _zFull text available from Cambridge Books Online - Engineering |
| 910 | _aLibrary of Congress record | ||
| 942 |
_2ddc _cBK |
||
| 999 |
_c355608 _d355608 |
||